Loading...

Why democracies need an unlovable press

Bibliographic Details
Main Author: Schudson Michael
Format: Printed Book
Published: Cambridge Polity press 2008
Subjects:
LEADER 00598nam a22001811a 4500
020 |a 0-7456-4453-0  |c 0.00 
040 |a SSUS - Library - Kalady 
082 |a 070.4  |b SCH/W 
100 |a Schudson Michael 
245 |a Why democracies need an unlovable press  |h [Text] 
260 |a Cambridge  |b Polity press  |c 2008 
300 |a 147p. 
600 |a Democracy Press 
600 |a Press America 
852 |h 070.4  |i SCH/W  |p 057160  |9 0.00  |t 0 
942 |c BK 
999 |c 50871  |d 50871 
952 |0 0  |1 0  |4 0  |6 070_400000000000000_SCH_W  |7 0  |9 74151  |a SSUS  |b SSUS  |d 2015-01-08  |g 0.00  |o 070.4 SCH/W  |p 057160  |r 2015-01-08  |v 0.00  |w 2015-01-08  |y BK